• 首页
  • 本馆介绍
  • 公告通知
  • 最新文献
  • 馆藏检索
  • 电子资源
  • 读者导购
  • 参考咨询
  • 我的图书馆
  • 登录
  • 详细信息显示
  • 放入我的书架
  • 预约/预借图书
  • 作者相关作品
  • 分类相关作品
  • 丛书相关作品
  • 出版社相关作品

书目信息

  • 表格格式
  • 工作单格式
  • 卡片格式
题名:
先秦史传文译释
    
 
作者: 曲世积 编著
分册:  
出版信息: 哈尔滨   黑龙江人民出版社  1981
页数: 265页
开本: 21cm
丛书名:
单 册:
中图分类: K220.4 , K207
科图分类:
主题词: 史籍--注释--中国--先秦时代 , 中国--通史
电子资源:
ISBN:
000 00638nam0 2200241 450
001 1548787890
005 20150121132051.79
010    @dCNY0.82
091    @a10093.362
100    @a19950414d1981 em y0chiy0110 ea
101 0  @achi
102    @aCN@b230000
105    @ay z 000yd
200 1  @a先秦史传文译释@9xian qin shi zhuan wen yi shi@f曲世积等编著
210    @a哈尔滨@c黑龙江人民出版社@d1981
215    @a265页@d21cm
606 0  @a史籍@x注释@y中国@z先秦时代
606 0  @a中国@x通史
690    @aK220.4@v5
690    @aK207@v4
701  0 @a曲世积@9qu shi ji@4编著
801  0 @aCN@bTSSF@c20150121
905    @aZUCC@dK207@eJY81
    
    先秦史传文译释/曲世积等编著.-哈尔滨:黑龙江人民出版社,1981
    265页;21cm
    
    
    ISBN :CNY0.82
    
●
相关链接 在E读中查询图书 在五车中查询图书 在当当中查询图书 在豆瓣中查询图书


正题名:先秦史传文译释     索取号:K207/JY81         预约/预借

序号 登录号 条形码 馆藏地/架位号 状态 备注
1 7856883   278568836   学院路分馆/ [索取号:K207/JY81] 在馆    
2 7856963   278569639   学院路分馆/ [索取号:K207/JY81] 在馆    
唐山师范学院图书馆 欢迎您!
大连网信软件有限公司© 版权所有